[Event "Veneto-ch qf 81st"]
[Site "Verona"]
[Date "2022.05.06"]
[Round "1.13"]
[White "Pigaiani, Francesco"]
[Black "Boraso, Francesco"]
[Result "0-1"]
[WhiteElo "1330"]
[BlackElo "1905"]
[PlyCount "86"]
[EventDate "2022.05.06"]
[EventType "swiss"]
[EventRounds "5"]
[EventCountry "ITA"]
[SourceTitle "EXT 2024"]
[Source "ChessBase"]
[SourceDate "2023.10.10"]
[SourceVersion "1"]
[SourceVersionDate "2023.10.10"]
[SourceQuality "1"]

1. e4 c5 2. Nc3 Nc6 3. Nge2 g6 4. d4 cxd4 5. Nxd4 Bg7 6. Be3 d6 7. Qd2 Nf6 8. f3 a6 9. h4 h5 10. 0-0-0 Qc7 11. Nb3 b5 12. Be2 Rb8 13. f4 0-0 14. Kb1 b4 15. Nd5 Nxd5 16. Qxd5 Be6 17. Qd3 Rfc8 18. g4 hxg4 19. h5 d5 20. hxg6 fxg6 21. Nc5 dxe4 22. Qxe4 Bf5 23. Bc4+ e6 24. Bxe6+ Bxe6 25. Qxe6+ Qf7 26. Qxg4 Re8 27. Qh3 Qf6 28. Bc1 Rb5 29. Nd7 Qe6 30. Qh7+ Kf7 31. Rhe1 Qxe1 32. Rxe1 Rxe1 33. f5 Rxf5 34. Qh3 Rff1 35. a3 Rxc1+ 36. Ka2 Na5 37. Ne5+ Bxe5 38. Qd7+ Kf6 39. Qd8+ Kf5 40. Qxa5 bxa3 41. bxa3 Rb1 42. c3 Rbc1 43. Kb3 Rxc3+ 0-1